Normal view
MARC view
- Tarr, Donald A.
Entry Personal Name
001 - CONTROL NUMBER
- control field: 7185
003 - CONTROL NUMBER IDENTIFIER
- control field: NUST
005 - DATE AND TIME OF LATEST TRANSACTION
- control field: 20171212122154.0
008 - FIXED-LENGTH DATA ELEMENTS
- fixed length control field: 171212|| aca||aabn | a|a d
040 ## - CATALOGING SOURCE
- Original cataloging agency: NUST
- Transcribing agency: NUST
100 ## - HEADING--PERSONAL NAME
- Personal name: Tarr, Donald A.
- Fuller form of name: (Donald Arthur),
- Dates associated with a name: 1932-
670 ## - SOURCE DATA FOUND
- Source citation: Work cat.: (NUST)15: Miessler, Gary L., 1949- 7184, Inorganic Chemistry /, c2009.
